Catálogo público

Análisis productivo y reproductivo de la granja porcina " La joya " ubicada en Tenextepec, Atlixco, Pue. / (Record no. 169835)

MARC details
000 -CABECERA
campo de control de longitud fija 01245nam a2200337Ia 4500
001 - NÚMERO DE CONTROL
campo de control Z_6564
003 - IDENTIFICADOR DEL NÚMERO DE CONTROL
campo de control CHAP
005 - FECHA Y HORA DE LA ÚLTIMA TRANSACCIÓN
campo de control 20231110145323.0
008 - DATOS DE LONGITUD FIJA--INFORMACIÓN GENERAL
campo de control de longitud fija 220113s2011 xx 000 0 und d
010 ## - NÚMERO DE CONTROL DE LA BIBLIOTECA DEL CONGRESO
Número de control de LC 169835
040 ## - FUENTE DE LA CATALOGACIÓN
Centro/agencia transcriptor CHAP
090 ## - LOCALMENTE ASIGNADO TIPO-LC NÚMERO DE CLASIFICACIÓN (OCLC); NÚMERO DE CLASIFICACIÓN LOCAL (RLIN)
Número de clasificación (OCLC) (R) ; Numero de clasificación, CALL (RLIN) (NR) Tesis R46 2305
100 ## - ENTRADA PRINCIPAL--NOMBRE DE PERSONA
Nombre de persona Rendón del Aguila, Juan Uriel
9 (RLIN) 145193
245 ## - MENCIÓN DE TÍTULO
Título Análisis productivo y reproductivo de la granja porcina " La joya " ubicada en Tenextepec, Atlixco, Pue. /
Mención de responsabilidad, etc. Juan Uriel Rendón del Aguila
260 ## - PUBLICACIÓN, DISTRIBUCIÓN, ETC.
Lugar de publicación, distribución, etc. México :
Nombre del editor, distribuidor, etc. El autor,
Fecha de publicación, distribución, etc. 2011
300 ## - DESCRIPCIÓN FÍSICA
Extensión CD
502 ## - NOTA DE TESIS
Nota de tesis Tesis (Ingeniero Agronómo Especialista en Zootecnia) -- UACh, 2011 \ Dirección: Agustín Ruíz Flores; asessoría: Constantino Romero Márquez y Rodolfo Ramírez Valverde
650 ## - PUNTO DE ACCESO ADICIONAL DE MATERIA--TÉRMINO DE MATERIA
Término de materia o nombre geográfico como elemento de entrada Comportamiento Productivo
9 (RLIN) 143438
650 ## - PUNTO DE ACCESO ADICIONAL DE MATERIA--TÉRMINO DE MATERIA
Término de materia o nombre geográfico como elemento de entrada Comportamiento reproductivo
9 (RLIN) 143263
650 ## - PUNTO DE ACCESO ADICIONAL DE MATERIA--TÉRMINO DE MATERIA
Término de materia o nombre geográfico como elemento de entrada Ganado porcino
9 (RLIN) 45328
650 ## - PUNTO DE ACCESO ADICIONAL DE MATERIA--TÉRMINO DE MATERIA
Término de materia o nombre geográfico como elemento de entrada Granja porcina
9 (RLIN) 145194
700 ## - PUNTO DE ACCESO ADICIONAL--NOMBRE DE PERSONA
Nombre de persona Ramírez Valverde, Rodolfo,asesor
700 ## - PUNTO DE ACCESO ADICIONAL--NOMBRE DE PERSONA
Nombre de persona Romero Márquez, Constantino, asesor
9 (RLIN) 143207
700 ## - PUNTO DE ACCESO ADICIONAL--NOMBRE DE PERSONA
Nombre de persona Ruíz Flores, Agustín, director
9 (RLIN) 144362
856 42 - LOCALIZACIÓN Y ACCESO ELECTRÓNICOS
Identificador Uniforme del Recurso <a href="http://10.13.5.2/tesis/114451.pdf">http://10.13.5.2/tesis/114451.pdf</a>
Texto de enlace Descargar PDF
901 ## - ELEMENTOS DE DATOS A LOCAL LDA (RLIN)
a TESIS R46 2305
902 ## - ELEMENTOS DE DATOS B LOCAL, LDB (RLIN)
a M
910 ## - DATOS DE OPCIÓN DEL USUARIO (OCLC)
Datos de opción del usuario 2011
942 ## - ELEMENTOS DE PUNTO DE ACCESO ADICIONAL (KOHA)
Tipo de ítem Koha Tesis_
Fuente del sistema de clasificación o colocación Dewey Decimal Classification
942 ## - ELEMENTOS DE PUNTO DE ACCESO ADICIONAL (KOHA)
Tipo de ítem Koha Tesis_
Fuente del sistema de clasificación o colocación Dewey Decimal Classification
Holdings
Estado de retiro Estado de pérdida Fuente del sistema de clasificación o colocación Estado dañado No para préstamo Código de colección Localización permanente Ubicación/localización actual Fecha de adquisición Fuente de adquisición Total de préstamos Signatura topográfica completa Código de barras Fecha visto por última vez Número de copia Precio válido a partir de Tipo de ítem Koha Restricciones de uso
    Clasificación Universidad Autónoma de Chapingo   Excluido de préstamo Tesis Zootecnia Zootecnia 16/04/2015 El autor   Tesis R46 2305 z_T 4106 18/01/2022 1 18/01/2022 CD  
    Clasificación Universidad Autónoma de Chapingo   Excluido de préstamo Tesis Zootecnia Zootecnia 16/04/2015 El autor   Tesis R46 2305 z_T 4107 18/01/2022 2 18/01/2022 CD  
    Clasificación Universidad Autónoma de Chapingo     Tesis Zootecnia Zootecnia 16/04/2015 El autor   Tesis R46 2305 z_T 4108 18/01/2022 3 18/01/2022 Tesis Préstamo 5 días